Central Library OPAC University of Rajshahi

Bangladesh civil service : (Record no. 55)

MARC details
000 -LEADER
fixed length control field 00990nam a2200289 a 4500
001 - CONTROL NUMBER
control field 55
003 - CONTROL NUMBER IDENTIFIER
rucl marc code BD-RjUL
005 - DATE AND TIME OF LATEST TRANSACTION
control field 20211208233113.0
008 - FIXED-LENGTH DATA ELEMENTS--GENERAL INFORMATION
fixed length control field 150129s2004 bg b 001 0 eng
020 ## - INTERNATIONAL STANDARD BOOK NUMBER
International Standard Book Number 9840517023
035 ## - SYSTEM CONTROL NUMBER
System control number (DLC) 2004329918
040 ## - CATALOGING SOURCE
Original cataloging agency DLC
Transcribing agency DLC
Language of cataloging eng
041 ## - LANGUAGE CODE
Language code of text/sound track or separate title eng
082 ## - DEWEY DECIMAL CLASSIFICATION NUMBER
Edition number 22
Classification number 342.5492068
Author mark and year ALB 2011
100 1# - MAIN ENTRY--PERSONAL NAME
Personal name Shawkat Ali, A. M. M.
9 (RLIN) 115480
245 10 - TITLE STATEMENT
Title Bangladesh civil service :
Remainder of title a political-administrative perspective /
Statement of responsibility, etc. A.M.M. Shawkat Ali.
260 ## - PUBLICATION, DISTRIBUTION, ETC. (IMPRINT)
Place of publication, distribution, etc. Dhaka :
Name of publisher, distributor, etc. University Press,
Date of publication, distribution, etc. c2004 [Impression 2011].
300 ## - PHYSICAL DESCRIPTION
Pagination xxiii, 348 p. ;
Size 22 cm.
504 ## - BIBLIOGRAPHY, ETC. NOTE
Bibliography, etc Includes bibliographical references (p. [321]-333) and index.
650 #0 - SUBJECT ADDED ENTRY--TOPICAL TERM
Topical term or geographic name as entry element Civil service
Geographic subdivision Bangladesh.
9 (RLIN) 115481
Topical term or geographic name as entry element Civil service ethics
Geographic subdivision Bangladesh.
9 (RLIN) 115482
Topical term or geographic name as entry element Patronage, Political
Geographic subdivision Bangladesh.
9 (RLIN) 115483
Topical term or geographic name as entry element Government executives
Geographic subdivision Bangladesh
General subdivision Public opinion.
9 (RLIN) 115484
942 ## - ADDED ENTRY ELEMENTS (KOHA)
Source of classification or shelving scheme Dewey Decimal Classification
Koha item type Books
Holdings
Lost status Source of classification or shelving scheme Damaged status Not for loan Permanent Location Current Location Shelving location Date acquired Source of acquisition Cost, normal purchase price Total Checkouts Full call number Date last seen Copy number Koha item type
  Dewey Decimal Classification   Not For Loan Central Library, University of Rajshahi Central Library, University of Rajshahi Reading Room 23/07/2014 Baatighar, Chittagong 502.50   342.5492068 ALB 2011 28/01/2015 C-1 Books